000 00646cam a22002173a 4500
001 43837
003 PGUSA
005 20140828084010.0
008 130928s2013||||xxu|||||s|||||000 | eng d
040 _aPGUSA
_beng
042 _adc
100 1 _aMerrick, Leonard,
_d1864-1939
245 1 4 _aThe Man Who Was Good :
_bWith an Introduction by J.K. Prothero
_h[electronic resource] /
_cLeonard Merrick
260 _bProject Gutenberg,
_c2013
506 _aPublic domain in the USA.
516 _aElectronic text
700 1 _aProthero, J.K.
830 0 _aProject Gutenberg
_v43837
856 4 0 _uhttp://www.gutenberg.org/ebooks/43837
942 _cEB
999 _c273088
_d273088